1638 1610 1601 1845 1741 1774 1801 1918 1490 1407 1529 1705 1035 1903 1048 1581 1783 1812 1212 1865 1642 1954 1744 1080 1176 1342 1945 1460 1739 1620 1459 1473 1393 1624 1941 1558 1126 1026 1383 1102 1594 1265 1492 1519 1087 1018 1340 1787 1776 1338 1899 1300 1408 1895 1433 1351 1442 1566 1340 1165 1223 1973 1675 1297 1169 1167 1531 1093 1794 1731 1986 1253 1697 1362 1904 1464 1711 1690 1195 1837 1622 1433 1472 1092 1514 1492 1905 1928 1564 1638 1818 1593 1538 1915 1270 1098 1756 1045 1057 BCNSPRNW ULIB Ver.6.0+V

เปลี่ยนเป็นภาษาไทย

Change to English
 แสดงรายละเอียดบรรณานุกรม
  กลับหน้าหลัก

Brief Record : Get Marc (ISO 2709) : E-mail record : QR code < ปิดหน้าต่าง
LEADER : 00000nam 2200000uu 4500
001    13399110429
003     ULIB
008    110527s2550||||th 000 0 tha d
020    9789744140487
050  4 GN316^bน639ม 2550
100 0  นิยพรรณ (ผลวัฒนะ) วรรณศิริ
245 10 มานุษยวิทยาสังคมและวัฒนธรรม /^cนิยพรรณ (ผลวัฒนะ) วรรณศิริ
250    พิมพ์ครั้งที่ 1
260    กรุงเทพฯ :^bเอ็กซเปอร์เน็ท,^c2550
300    312 หน้า :^bภาพประกอบ ;^c26 ซม.
650  7 มานุษยวิทยา
650  7 สังคมและวัฒนธรรม
945    ^p260^l0^i18188
995    ทศพร
999    ^aใช้งานได้ทุกระบบ
รายการนี้ยังไม่มีแท็ก
คุณยังไม่ได้ล็อกอิน คุณสามารถมีกิจกรรมร่วมกับเว็บไซต์ได้ แต่ต้องล็อกอินก่อน ::
  ล็อกอิน

รายการสื่อสารสนเทศ

ลำดับที่ ประเภท เลขเรียก/บาร์โค้ด สถานที่ สถานะ
1. วิทยาศาสตร์การแพทย์ และสุขภาพ
วิทยาศาสตร์การแพทย์ และสุขภาพ
GN316 น639ม 2550  
  Barcode: 18188
ห้องสมุดวิทยาเขตสวรรค์ประชารักษ์
►นวนิยาย
บนชั้น
  ขอยืม

รายการใกล้เคียง
    ผู้แต่ง [นิยพรรณ (ผลวัฒนะ) วรรณศิริ]

    หัวเรื่อง [มานุษยวิทยา]
    หัวเรื่อง [สังคมและวัฒนธรรม]

BibComment


ยังไม่เคยถูกคอมเมนท์

คอมเมนท์ทรัพยากรรายการนี้
  คอมเมนท์: มานุษยวิทยาสังคมแ..


 Copyright 2026. Bcnsprnw @Library